LEADER 03164nam 2200661Ia 450 001 9910462633703321 005 20200520144314.0 010 $a1-283-85469-4 010 $a90-04-23422-5 024 7 $a10.1163/9789004234222 035 $a(CKB)2670000000309454 035 $a(EBL)1081574 035 $a(OCoLC)823386269 035 $a(SSID)ssj0000785000 035 $a(PQKBManifestationID)12343029 035 $a(PQKBTitleCode)TC0000785000 035 $a(PQKBWorkID)10783127 035 $a(PQKB)10643382 035 $a(MiAaPQ)EBC1081574 035 $a(OCoLC)820036782 035 $a(nllekb)BRILL9789004234222 035 $a(PPN)170440079 035 $a(Au-PeEL)EBL1081574 035 $a(CaPaEBR)ebr10631701 035 $a(CaONFJC)MIL416719 035 $a(EXLCZ)992670000000309454 100 $a20121011d2013 uy 0 101 0 $aeng 135 $aurcn||||||||| 181 $ctxt 182 $cc 183 $acr 200 10$aMamluks and animals$b[electronic resource] $eveterinary medicine in medieval Islam /$fby Housni Alkhateeb Shehada 210 $aLeiden ;$aBoston $cBrill$d2013 215 $a1 online resource (592 p.) 225 0 $aSir Henry Wellcome Asian series ;$vvol. 11 300 $aTitle from PDF title page (viewed on Dec. 3, 2012). 311 $a90-04-23405-5 320 $aIncludes bibliographical references and index. 327 $aPreliminary material -- Introduction -- Animals in Mamluk Society -- The Pre-Mamluk Veterinary Traditions -- Scholars, Equestrians, and Veterinarians -- The Veterinary Profession -- Theroretical Aspects -- Preventive Medicine and Diagnotics -- Non-Invasive Practises in Veterinary Treatment -- Invasive Methods of Treatment in Veterinary Medicine -- Conclusions -- Sources and Bibliography -- General Index -- Plates. 330 $aHousni Alkhateeb Shehada's Mamluks and Animals: Veterinary Medicine in Medieval Islam is the first comprehensive study of veterinary medicine, its practitioners and its patients in the medieval Islamic world, with special emphasis on the Mamluk period (1250-1517). Based on a large variety of sources, it is a history of a scientific field that is also examined from social and cultural perspectives. Horses, as well as birds of prey used for hawking and falconry, were at the centre of the veterinary literature of that period, but the treatment and cure of other animals was not totally neglected. The Mamluk period is presented here as the time when veterinary medicine reached its pinnacle in medieval Islam and often even surpassed human medicine. 410 0$aSir Henry Wellcome Asian Series$v11. 517 3 $aVeterinary medicine in Islam 606 $aVeterinary medicine$zIslamic Empire$xHistory 606 $aMamelukes 608 $aElectronic books. 615 0$aVeterinary medicine$xHistory. 615 0$aMamelukes. 676 $a636.0890902 676 $a636.08909560902 700 $aAlkhateeb Shehada$b Housni$0908262 801 0$bMiAaPQ 801 1$bMiAaPQ 801 2$bMiAaPQ 906 $aBOOK 912 $a9910462633703321 996 $aMamluks and animals$92031408 997 $aUNINA LEADER 02402nam 2200529z- 450 001 9910557251103321 005 20211118 035 $a(CKB)5400000000041436 035 $a(oapen)https://directory.doabooks.org/handle/20.500.12854/73988 035 $a(oapen)doab73988 035 $a(EXLCZ)995400000000041436 100 $a20202111d2020 |y 0 101 0 $aeng 135 $aurmn|---annan 181 $ctxt$2rdacontent 182 $cc$2rdamedia 183 $acr$2rdacarrier 200 00$aSeafloor Heterogeneity: Artificial Structures and Marine Ecosystem Dynamics 210 $cFrontiers Media SA$d2020 215 $a1 online resource (152 p.) 311 08$a2-88963-848-0 330 $aThis eBook is a collection of articles from a Frontiers Research Topic. Frontiers Research Topics are very popular trademarks of the Frontiers Journals Series: they are collections of at least ten articles, all centered on a particular subject. With their unique mix of varied contributions from Original Research to Review Articles, Frontiers Research Topics unify the most influential researchers, the latest key findings and historical advances in a hot research area! Find out more on how to host your own Frontiers Research Topic or contribute to one as an author by contacting the Frontiers Editorial Office: frontiersin.org/about/contact 517 $aSeafloor Heterogeneity 606 $aOceanography (seas and oceans)$2bicssc 606 $aScience: general issues$2bicssc 610 $aanthropogenic influences 610 $aaquaculture facilities 610 $aartificial reefs 610 $acoastal infrastructure 610 $aecological restoration 610 $amarine conservation 610 $aoffshore oil and gas platforms 610 $arigs-to-reef 615 7$aOceanography (seas and oceans) 615 7$aScience: general issues 700 $aFujii$b Toyonobu$4edt$01277580 702 $aJoseph Pondella$b Daniel$4edt 702 $aJames Guerin$b Andrew$4edt 702 $aLouise Georgia Todd$b Victoria$4edt 702 $aFujii$b Toyonobu$4oth 702 $aJoseph Pondella$b Daniel$4oth 702 $aJames Guerin$b Andrew$4oth 702 $aLouise Georgia Todd$b Victoria$4oth 906 $aBOOK 912 $a9910557251103321 996 $aSeafloor Heterogeneity: Artificial Structures and Marine Ecosystem Dynamics$93011663 997 $aUNINA